[Event "BCF-ch rapidplay 34th"]
[Site "Bingley"]
[Date "2023.04.15"]
[Round "6"]
[White "Larchikov, Maksym"]
[Black "Lloyd, Stephen M"]
[Result "1-0"]
[WhiteElo "1789"]
[BlackElo "1555"]
[PlyCount "61"]
[EventDate "2023.04.15"]
[EventType "swiss (rapid)"]
[EventRounds "11"]
[EventCountry "ENG"]
[SourceTitle "CBM 213 Extra"]
[Source "ChessBase"]
[SourceDate "2023.05.31"]
[SourceVersion "1"]
[SourceVersionDate "2023.05.31"]
[SourceQuality "1"]

1. d4 Nf6 2. Nf3 g6 3. c4 Bg7 4. Nc3 d6 5. e4 0-0 6. Be2 c5 7. d5 e6 8. 0-0 exd5 9. cxd5 Re8 10. Qc2 Nbd7 11. Bf4 Qe7 12. Rfe1 Nh5 13. Bg5 Qf8 14. Nb5 f6 15. Bd2 Re7 16. Nc7 Rb8 17. Ne6 Qf7 18. g4 Ne5 19. Nxe5 fxe5 20. gxh5 Bxe6 21. dxe6 Qf6 22. h6 Bf8 23. Qc3 Kh8 24. f4 Bxh6 25. fxe5 Qh4 26. Bxh6 Qxh6 27. exd6+ Rg7 28. Rf1 Qg5+ 29. Kh1 h5 30. Rf7 Rbg8 31. e7 1-0

[Event "BCF-ch rapidplay 34th"]
[Site "Bingley"]
[Date "2023.04.15"]
[Round "1"]
[White "Lloyd, Stephen M"]
[Black "Quilter, Thomas A"]
[Result "0-1"]
[WhiteElo "1555"]
[BlackElo "2162"]
[PlyCount "58"]
[EventDate "2023.04.15"]
[EventType "swiss (rapid)"]
[EventRounds "11"]
[EventCountry "ENG"]
[SourceTitle "CBM 213 Extra"]
[Source "ChessBase"]
[SourceDate "2023.05.31"]
[SourceVersion "1"]
[SourceVersionDate "2023.05.31"]
[SourceQuality "1"]

1. d4 Nf6 2. Nf3 d6 3. Nc3 Bf5 4. Bf4 Nbd7 5. e3 Nh5 6. Nh4 Bg6 7. Bg5 f6 8. g4 Bf7 9. gxh5 fxg5 10. Nf5 g6 11. Ng3 Nf6 12. Nce4 Nxe4 13. Nxe4 e6 14. Be2 d5 15. Ng3 Qd6 16. c3 Bg7 17. e4 dxe4 18. Nxe4 Qf4 19. Nc5 0-0 20. 0-0 Rad8 21. Nd3 Qh4 22. f4 gxh5 23. fxg5 Bg6 24. Qd2 Rd5 25. Rxf8+ Bxf8 26. Rf1 Bd6 27. Bf3 Qxg5+ 28. Qxg5 Rxg5+ 29. Kh1 Bxd3 0-1

[Event "BCF-chT3N 1617 (4NCL)"]
[Site "England"]
[Date "2017.05.01"]
[Round "11.207"]
[White "Johnson, Paul A"]
[Black "Lloyd, Stephen M"]
[Result "1-0"]
[WhiteElo "1868"]
[BlackElo "1787"]
[PlyCount "115"]
[EventDate "2016.11.26"]
[EventType "team-swiss"]
[EventRounds "11"]
[EventCountry "ENG"]
[SourceTitle "EXT 2019"]
[Source "ChessBase"]
[SourceDate "2018.10.10"]
[SourceVersion "1"]
[SourceVersionDate "2018.10.10"]
[SourceQuality "1"]
[WhiteTeam "Bradford DCA Knights II"]
[BlackTeam "Spirit of Atticus II"]
[WhiteTeamCountry "ENG"]
[BlackTeamCountry "ENG"]

1. d4 c5 2. d5 Nf6 3. c4 b5 4. cxb5 a6 5. b6 Bb7 6. Nc3 d6 7. e4 g6 8. Nf3 Nbd7 9. h3 Bg7 10. Be2 0-0 11. 0-0 Qxb6 12. Qc2 Rfc8 13. Be3 Qc7 14. Nd2 Nb6 15. Nc4 Nfd7 16. f4 Nxc4 17. Bxc4 Nb6 18. Be2 Rf8 19. g4 Bc8 20. Rad1 Bd7 21. Kh2 Rfb8 22. b3 a5 23. a4 Nc8 24. Nb5 Bxb5 25. Bxb5 Na7 26. Bc4 Nc8 27. Rf3 Nb6 28. Bb5 Nd7 29. Bc1 Rb6 30. Bb2 Nf6 31. g5 Ne8 32. Bxg7 Nxg7 33. f5 Qb7 34. Bc6 Rxc6 35. dxc6 Qxc6 36. fxg6 hxg6 37. Rdf1 Rf8 38. Qc4 e6 39. Rd1 Nf5 40. Qd3 Nd4 41. Re3 Rb8 42. Qb1 Qb6 43. Red3 e5 44. Qa2 Qc6 45. Re3 Rb4 46. Rc1 Ne6 47. Qg2 Qb7 48. Rcc3 Nd4 49. Qg3 Ne6 50. Qg2 Nf4 51. Qf3 d5 52. Rxc5 d4 53. Rxe5 dxe3 54. Re8+ Kh7 55. Qxf4 Rxe4 56. Rxe4 Qxb3 57. Qh4+ Kg7 58. Qh6+ 1-0

[Event "BCF-chT3N 1617 (4NCL)"]
[Site "England"]
[Date "2017.03.19"]
[Round "8.46"]
[White "Lloyd, Stephen M"]
[Black "Reed, John"]
[Result "0-1"]
[WhiteElo "1787"]
[BlackElo "2012"]
[PlyCount "116"]
[EventDate "2016.11.26"]
[EventType "team-swiss"]
[EventRounds "11"]
[EventCountry "ENG"]
[SourceTitle "EXT 2019"]
[Source "ChessBase"]
[SourceDate "2018.10.10"]
[SourceVersion "1"]
[SourceVersionDate "2018.10.10"]
[SourceQuality "1"]
[WhiteTeam "Spirit of Atticus II"]
[BlackTeam "Manchester Manticores II"]
[WhiteTeamCountry "ENG"]
[BlackTeamCountry "ENG"]

1. d4 d5 2. Nf3 Nc6 3. Bf4 Nf6 4. e3 Bg4 5. Nbd2 e6 6. Be2 Bd6 7. Ne5 Bxe2 8. Qxe2 0-0 9. 0-0 Ne7 10. h3 c5 11. c3 Nc6 12. Bg3 Qc7 13. f4 Rac8 14. Bh4 Nd7 15. Qg4 f5 16. Qh5 Nf6 17. Bxf6 Rxf6 18. Ndf3 g6 19. Qh4 Bxe5 20. fxe5 Rff8 21. Ng5 Rce8 22. Rf2 Qg7 23. Raf1 h6 24. Nf3 cxd4 25. exd4 Ne7 26. Ne1 g5 27. Qg3 f4 28. Qg4 Nf5 29. Nd3 Ne3 30. Qe2 Nxf1 31. Rxf1 Qg6 32. Nc5 Re7 33. Qb5 Qg7 34. Qe2 b6 35. Na6 Qg6 36. Nb4 Ref7 37. Qd3 Qxd3 38. Nxd3 f3 39. g4 Kg7 40. Kf2 Kg6 41. Ke3 h5 42. Rf2 hxg4 43. hxg4 a5 44. a4 Rh7 45. Ne1 Rh1 46. Nxf3 Rf4 47. Nd2 Rxf2 48. Kxf2 Ra1 49. b3 Rd1 50. Ke2 Rg1 51. Kf3 Rh1 52. c4 Rh2 53. Ke3 Rg2 54. c5 bxc5 55. dxc5 Rxg4 56. c6 Rf4 57. c7 Rf8 58. Nf3 Kf5 0-1